000 01669nam0a2200361 4500
001 RU\NLR\bibl\60830
005 20260407050923.0
010 _a5-88584-112-8
_9400
021 _aRU
_b99-29951
_91932
035 _a(NLR Aleph) 000059339
090 _a322408
_c322408
100 _a19991125d1999 |||y0rusy50 ca
101 0 _arus
102 _aRU
105 _ay |||||||||
200 1 _aЖенщина не существует: Современные исследования полового различия
_e[Сб. ст.]
_fЦентр жен. исслед. (ИСИТО)
_gПод. ред. И. Аристарховой
210 _aСыктывкар
_cСГУ
_d1999
215 _a170 с.
_cил.
_d21
225 1 _aСерия "Культура. Власть. Различие"
300 _aРез. на англ. яз.
320 _aБиблиогр. в конце ст. и в подстроч. прим.
606 0 _aЖенщины
_jСборники
_xСоциологические исследования
_92075676
_3RU\NLR\auth\661250757
606 0 _aГендерные исследования
_jСборники
_92078811
_3RU\NLR\auth\661254676
686 _aС550.53я43
686 _aС550.535я43
702 1 _aАристархова
_bИ.
_gИрина
_4340
712 0 2 _4570
_aИнститут сравнительных исследований трудовых отношений
_cМосква
_bЦентр женских исследований
_3RU\NLR\AUTH\8810020088
_9538192
801 0 _aRU
_bNLR
_c19991125
_gPSBO
801 1 _aRU
_bNLR
_c19991125
852 _aNLR
_j99-3/14967
942 _cBOOK
980 _aNB